[Event "MVP-ch Seniors op 17th"]
[Site "Binz"]
[Date "2017.11.30"]
[Round "2.28"]
[White "Memmel, Guenther"]
[Black "Dyk, Roland"]
[Result "1-0"]
[WhiteElo "1847"]
[BlackElo "1987"]
[PlyCount "170"]
[EventDate "2017.11.29"]
[EventType "swiss"]
[EventRounds "9"]
[EventCountry "GER"]
[SourceTitle "EXT 2019"]
[Source "ChessBase"]
[SourceDate "2018.10.10"]
[SourceVersion "1"]
[SourceVersionDate "2018.10.10"]
[SourceQuality "1"]

1. e4 e6 2. d4 d5 3. Nd2 Nf6 4. Bd3 dxe4 5. Nxe4 Nbd7 6. Nf3 Nxe4 7. Bxe4 Nf6 8. Bg5 Be7 9. Bd3 Qd6 10. Qd2 c5 11. 0-0 Bd7 12. Bf4 Qb6 13. Be5 cxd4 14. Bxd4 Qd8 15. Ne5 Ba4 16. b3 Kf8 17. c3 Be8 18. Rad1 Qc7 19. Qe3 Nd5 20. Qg3 f6 21. c4 Bd6 22. cxd5 fxe5 23. Qf3+ Kg8 24. Rc1 Qd7 25. Bb2 exd5 26. Qxd5+ Bf7 27. Qe4 Re8 28. Bc4 Rd8 29. Rc3 Bxc4 30. Qxc4+ Qf7 31. Qa4 b6 32. Rf3 Qd5 33. Qxa7 Bc5 34. Rg3 g6 35. Rf3 Rd7 36. Qb8+ Rd8 37. Qxe5 Qxe5 38. Bxe5 h5 39. Bxh8 Kxh8 40. Rf7 Rd2 41. Ra7 Kg8 42. Ra6 Kg7 43. Ra4 g5 44. b4 Bd4 45. Ra7+ Kg6 46. a4 b5 47. Ra6+ Kf5 48. Ra5 Kf4 49. Rxb5 h4 50. h3 g4 51. Rb7 g3 52. Rf7+ Kg5 53. a5 Rb2 54. Rb7 gxf2+ 55. Kh1 Re2 56. g3 hxg3 57. Kg2 Be5 58. a6 Ra2 59. a7 Bd4 60. Kxg3 Bxa7 61. Rb5+ Kg6 62. Ra5 Bb8+ 63. Kg2 Rb2 64. b5 Bc7 65. Ra6+ Kg5 66. Rc6 Bf4 67. Rc5+ Kg6 68. Rxf2 Rb4 69. Ra2 Be3 70. Rc6+ Kf5 71. Ra3 Bd4 72. Rd3 Ke4 73. Rxd4+ Kxd4 74. b6 Kd5 75. Rg6 Rb3 76. h4 Ke5 77. h5 Kf5 78. Rc6 Rb2+ 79. Kf3 Rb3+ 80. Ke2 Ke4 81. h6 Kd5 82. Rg6 Ke5 83. h7 Kf5 84. Rh6 Kf4 85. h8Q Re3+ 1-0

[Event "GER-chA Seniors 27th"]
[Site "Magdeburg"]
[Date "2015.08.22"]
[Round "8"]
[White "Dyk, Roland"]
[Black "Rackowiak, Hans"]
[Result "1/2-1/2"]
[WhiteElo "2064"]
[BlackElo "1966"]
[PlyCount "26"]
[EventDate "2015.08.15"]
[EventType "swiss"]
[EventRounds "9"]
[EventCountry "GER"]
[SourceTitle "EXT 2018"]
[Source "ChessBase"]
[SourceDate "2017.10.13"]
[SourceVersion "1"]
[SourceVersionDate "2017.10.13"]
[SourceQuality "1"]

1. e4 d5 2. exd5 Nf6 3. d4 Nxd5 4. c4 Nb6 5. Nc3 e5 6. Be3 exd4 7. Bxd4 Nc6 8. Be3 Be6 9. b3 Bb4 10. Qc2 Qf6 11. Nge2 0-0-0 12. a3 Bf5 13. Qb2 Ne5 1/2-1/2

[Event "GER-chA Seniors 27th"]
[Site "Magdeburg"]
[Date "2015.08.15"]
[Round "1"]
[White "Manthey, Wolfgang"]
[Black "Dyk, Roland"]
[Result "1-0"]
[WhiteElo "1833"]
[BlackElo "2064"]
[PlyCount "102"]
[EventDate "2015.08.15"]
[EventType "swiss"]
[EventRounds "9"]
[EventCountry "GER"]
[SourceTitle "EXT 2018"]
[Source "ChessBase"]
[SourceDate "2017.10.13"]
[SourceVersion "1"]
[SourceVersionDate "2017.10.13"]
[SourceQuality "1"]

1. g3 c5 2. Bg2 d5 3. Nf3 Nc6 4. 0-0 e5 5. d3 Nf6 6. Nbd2 h6 7. e4 d4 8. h3 Be6 9. a3 Bd6 10. b3 Qd7 11. Kh2 g5 12. Ng1 h5 13. Nc4 Be7 14. f3 b5 15. Nb2 g4 16. h4 gxf3 17. Nxf3 0-0-0 18. Ng5 Ng4+ 19. Kg1 Bxg5 20. Bxg5 Rdf8 21. a4 b4 22. a5 f6 23. Bd2 Ne3 24. Bxe3 dxe3 25. Qe2 Qd4 26. Nc4 Rhg8 27. Kh2 Rg6 28. Rg1 Rfg8 29. Bh3 Bxh3 30. Kxh3 Rxg3+ 31. Rxg3 Rxg3+ 32. Kxg3 Qxa1 33. Qxe3 Nd4 34. Qf2 Qd1 35. Ne3 Qc1 36. Kg2 Kd7 37. Nd5 Qxc2 38. Nxf6+ Ke6 39. Qxc2 Nxc2 40. Nxh5 Ne1+ 41. Kg3 Nxd3 42. Ng7+ Kf6 43. Ne8+ Ke7 44. Nc7 Nf4 45. a6 Ne6 46. Nb5 Nd4 47. Nxa7 c4 48. bxc4 b3 49. Nc8+ Kf6 50. a7 b2 51. a8Q Ne6 1-0

[Event "EU-chT Seniors"]
[Site "Vienna"]
[Date "2015.07.18"]
[Round "7.16"]
[White "Dyk, Roland"]
[Black "Hamm, Georg"]
[Result "1-0"]
[WhiteElo "2068"]
[BlackElo "2131"]
[PlyCount "66"]
[EventDate "2015.07.12"]
[EventType "team-swiss"]
[EventRounds "9"]
[EventCountry "AUT"]
[SourceTitle "EXT 2018"]
[Source "ChessBase"]
[SourceDate "2017.10.13"]
[SourceVersion "1"]
[SourceVersionDate "2017.10.13"]
[SourceQuality "1"]
[WhiteTeam "DSW DBAG II"]
[BlackTeam "Sachsen Anhalt"]
[WhiteTeamCountry "GER"]
[BlackTeamCountry "GER"]

1. e4 g6 2. d4 Bg7 3. Nf3 c6 4. Be3 d5 5. e5 Nh6 6. Qd2 Nf5 7. Bf4 e6 8. g4 Ne7 9. g5 Qb6 10. c3 c5 11. h4 Nbc6 12. dxc5 Qxc5 13. Be3 Qa5 14. Na3 a6 15. Bf4 Qc7 16. Qe2 b5 17. Nc2 Rb8 18. Ncd4 b4 19. Rc1 Qb6 20. Nxc6 Nxc6 21. Bg2 Bd7 22. 0-0 Bf8 23. Rfd1 bxc3 24. bxc3 Na5 25. Nh2 Bb5 26. Qe1 Nc4 27. Ng4 Bc5 28. Nf6+ Ke7 29. Rxd5 Bxf2+ 30. Qxf2 Qxf2+ 31. Kxf2 exd5 32. Nxd5+ Ke6 33. Rd1 Rhc8 1-0

[Event "EU-chT Seniors"]
[Site "Vienna"]
[Date "2015.07.15"]
[Round "4.19"]
[White "Phillips, William"]
[Black "Dyk, Roland"]
[Result "0-1"]
[WhiteElo "1898"]
[BlackElo "2068"]
[PlyCount "72"]
[EventDate "2015.07.12"]
[EventType "team-swiss"]
[EventRounds "9"]
[EventCountry "AUT"]
[SourceTitle "EXT 2018"]
[Source "ChessBase"]
[SourceDate "2017.10.13"]
[SourceVersion "1"]
[SourceVersionDate "2017.10.13"]
[SourceQuality "1"]
[WhiteTeam "England IV"]
[BlackTeam "DSW DBAG II"]
[WhiteTeamCountry "ENG"]
[BlackTeamCountry "GER"]

1. d4 Nf6 2. c4 g6 3. g3 d6 4. Bg2 Nbd7 5. Nc3 Bg7 6. Nf3 0-0 7. 0-0 Re8 8. e4 e5 9. d5 h6 10. b4 a5 11. bxa5 Rxa5 12. Nd2 Nc5 13. Nb3 Nxb3 14. Qxb3 b6 15. Bd2 Nd7 16. a4 Nc5 17. Qc2 Ra8 18. Nb5 Nb7 19. Ra3 Na5 20. f4 exf4 21. gxf4 f5 22. Rg3 Kh7 23. Kh1 Qe7 24. Rg1 fxe4 25. Bxe4 Qxe4+ 26. Qxe4 Rxe4 27. Rxg6 Re7 28. R6g3 Nxc4 29. Bc3 Bxc3 30. Nxc3 Bf5 31. h4 Rf8 32. Kh2 Rff7 33. h5 Re3 34. Rxe3 Nxe3 35. Re1 Ng4+ 36. Kg3 Nf6 0-1

[Event "EU-chT Seniors"]
[Site "Vienna"]
[Date "2015.07.12"]
[Round "1.15"]
[White "Dyk, Roland"]
[Black "Vinke, Dietmar"]
[Result "0-1"]
[WhiteElo "2068"]
[BlackElo "2162"]
[PlyCount "100"]
[EventDate "2015.07.12"]
[EventType "team-swiss"]
[EventRounds "9"]
[EventCountry "AUT"]
[SourceTitle "EXT 2018"]
[Source "ChessBase"]
[SourceDate "2017.10.13"]
[SourceVersion "1"]
[SourceVersionDate "2017.10.13"]
[SourceQuality "1"]
[WhiteTeam "DSW DBAG II"]
[BlackTeam "Finland"]
[WhiteTeamCountry "GER"]
[BlackTeamCountry "FIN"]

1. e4 c6 2. Nc3 d5 3. d3 g6 4. g3 Bg7 5. Bg2 dxe4 6. Nxe4 Nh6 7. Ne2 0-0 8. 0-0 e5 9. Bd2 Na6 10. Qc1 Nf5 11. f4 Qb6+ 12. Kh1 Nd4 13. Nxd4 exd4 14. Nd6 f5 15. Re1 Bd7 16. Nc4 Qc7 17. Ne5 Rae8 18. Nxd7 Qxd7 19. Rxe8 Rxe8 20. Qf1 Nc7 21. Re1 Re6 22. a3 Nd5 23. Rxe6 Qxe6 24. Bxd5 Qxd5+ 25. Kg1 Kf7 26. h3 h5 27. b3 b5 28. Qg2 Ke6 29. Bb4 Bf6 30. Qe2+ Kd7 31. Bd2 Be7 32. Bc1 Bd6 33. Qg2 Qe6 34. Kf1 Qe7 35. Qf2 Bc5 36. Bb2 Qd6 37. a4 bxa4 38. bxa4 Qd5 39. Kg1 Bb6 40. Kh2 c5 41. Qe1 Qa2 42. Qa1 Qxa1 43. Bxa1 Ba5 44. Bb2 Bb4 45. Kg2 Kc6 46. Bc1 Kb6 47. Kf2 Ka5 48. h4 Kxa4 49. Ke2 Bc3 50. Kd1 Kb4 0-1

[Event "MVP-ch Seniors op 14th"]
[Site "Binz"]
[Date "2014.11.28"]
[Round "4"]
[White "Kornath, Heinrich"]
[Black "Dyk, Roland"]
[Result "0-1"]
[WhiteElo "1698"]
[BlackElo "1856"]
[PlyCount "48"]
[EventDate "2014.11.25"]
[EventType "swiss"]
[EventRounds "9"]
[EventCountry "GER"]
[SourceTitle "EXT 2016"]
[Source "ChessBase"]
[SourceDate "2015.10.08"]
[SourceVersion "1"]
[SourceVersionDate "2015.10.08"]
[SourceQuality "1"]

1. e4 e6 2. d4 d5 3. e5 c5 4. c3 Nc6 5. Be3 Qb6 6. Qd2 Bd7 7. Nf3 Rc8 8. Be2 cxd4 9. cxd4 f6 10. Nc3 a6 11. 0-0 fxe5 12. dxe5 Qc7 13. Bf4 Bb4 14. Rac1 Nge7 15. a3 Bxc3 16. Rxc3 0-0 17. Nd4 Qb8 18. Nxc6 Nxc6 19. Rg3 Nxe5 20. Rg5 Nf3+ 21. Bxf3 Qxf4 22. Qxf4 Rxf4 23. Rb1 Rfc4 24. Re5 Rc2 0-1

[Event "MVP-ch Seniors op 14th"]
[Site "Binz"]
[Date "2014.11.27"]
[Round "3"]
[White "Dyk, Roland"]
[Black "Heimberg, Guenter"]
[Result "1-0"]
[WhiteElo "1856"]
[BlackElo "1623"]
[PlyCount "53"]
[EventDate "2014.11.25"]
[EventType "swiss"]
[EventRounds "9"]
[EventCountry "GER"]
[SourceTitle "EXT 2016"]
[Source "ChessBase"]
[SourceDate "2015.10.08"]
[SourceVersion "1"]
[SourceVersionDate "2015.10.08"]
[SourceQuality "1"]

1. e4 e5 2. Nf3 Nc6 3. Bc4 h6 4. 0-0 Nf6 5. d4 d6 6. dxe5 dxe5 7. Qxd8+ Kxd8 8. Bxf7 Bd6 9. Nc3 Bg4 10. Ne1 Ke7 11. Bc4 a6 12. Be3 b5 13. Nd5+ Nxd5 14. Bxd5 Bd7 15. f4 Raf8 16. Nd3 exf4 17. Nxf4 Bxf4 18. Bxf4 Nd4 19. Bxc7 Ne6 20. Ba5 Rxf1+ 21. Rxf1 Bc8 22. Bb4+ Kd8 23. c3 Ke8 24. Bc6+ Bd7 25. Bb7 Nc7 26. Ba5 Kd8 27. Bxa6 1-0

[Event "MVP-ch Seniors op 13th"]
[Site "Binz"]
[Date "2013.12.05"]
[Round "9"]
[White "Weidlich, Guenter"]
[Black "Dyk, Roland"]
[Result "1-0"]
[WhiteElo "2115"]
[BlackElo "1913"]
[PlyCount "63"]
[EventDate "2013.11.27"]
[EventType "swiss"]
[EventRounds "9"]
[EventCountry "GER"]
[SourceTitle "EXT 2015"]
[Source "ChessBase"]
[SourceDate "2014.11.20"]
[SourceVersion "1"]
[SourceVersionDate "2014.11.20"]
[SourceQuality "1"]

1. Nf3 Nf6 2. g3 g6 3. b3 Bg7 4. Bb2 d5 5. c4 c6 6. Bg2 0-0 7. 0-0 Nbd7 8. Qc2 Re8 9. d4 e6 10. Nbd2 h6 11. Rfe1 Nh7 12. e4 dxe4 13. Nxe4 Ndf6 14. Rad1 Nxe4 15. Qxe4 Ng5 16. Nxg5 hxg5 17. Bc1 Bd7 18. f4 g4 19. Qe2 Qc7 20. Bb2 Rad8 21. Qxg4 c5 22. Qe2 cxd4 23. Bxd4 Bxd4+ 24. Rxd4 Qc5 25. Qf2 Bc8 26. Red1 Rxd4 27. Qxd4 Qxd4+ 28. Rxd4 Kf8 29. c5 Ke7 30. Kf2 Rd8 31. Rxd8 Kxd8 32. g4 1-0

[Event "MVP-ch Seniors op 13th"]
[Site "Binz"]
[Date "2013.11.29"]
[Round "3"]
[White "Liebert, Heinz"]
[Black "Dyk, Roland"]
[Result "1/2-1/2"]
[WhiteElo "2135"]
[BlackElo "1913"]
[PlyCount "42"]
[EventDate "2013.11.27"]
[EventType "swiss"]
[EventRounds "9"]
[EventCountry "GER"]
[SourceTitle "EXT 2015"]
[Source "ChessBase"]
[SourceDate "2014.11.20"]
[SourceVersion "1"]
[SourceVersionDate "2014.11.20"]
[SourceQuality "1"]

1. c4 c6 2. Nf3 Nf6 3. d4 d5 4. Qc2 g6 5. e3 Bf5 6. Bd3 Bxd3 7. Qxd3 e6 8. 0-0 Bg7 9. Nc3 0-0 10. e4 dxe4 11. Nxe4 Nxe4 12. Qxe4 Nd7 13. Rd1 Re8 14. Bf4 h6 15. Qe3 Kh7 16. Ne5 Qe7 17. Rd3 Rad8 18. Rad1 f6 19. Nxd7 Rxd7 20. h3 Qf7 21. b3 a6 1/2-1/2

[Event "MVP-ch Seniors op 13th"]
[Site "Binz"]
[Date "2013.11.28"]
[Round "2"]
[White "Dyk, Roland"]
[Black "Oergel, Ullrich"]
[Result "1-0"]
[WhiteElo "1913"]
[BlackElo "1740"]
[PlyCount "105"]
[EventDate "2013.11.27"]
[EventType "swiss"]
[EventRounds "9"]
[EventCountry "GER"]
[SourceTitle "EXT 2015"]
[Source "ChessBase"]
[SourceDate "2014.11.20"]
[SourceVersion "1"]
[SourceVersionDate "2014.11.20"]
[SourceQuality "1"]

1. e4 e5 2. Nf3 Nf6 3. Nc3 d6 4. d4 exd4 5. Nxd4 Be7 6. Bd3 0-0 7. 0-0 c5 8. Nde2 Nc6 9. Ng3 Ne5 10. Be2 a6 11. f4 Nc6 12. Be3 Be6 13. Bf3 Qc7 14. Nf5 Bxf5 15. exf5 Rad8 16. g4 d5 17. Nxd5 Nxd5 18. Bxd5 Nb4 19. c4 Bf6 20. Qb3 b6 21. g5 Nxd5 22. cxd5 Bd4 23. Rad1 Bxe3+ 24. Qxe3 Rfe8 25. d6 Qc6 26. Qd3 c4 27. Qd5 Qxd5 28. Rxd5 Rd7 29. Rfd1 f6 30. Kf2 Kf7 31. Kf3 Rc8 32. h4 c3 33. bxc3 Rxc3+ 34. R5d3 Rxd6 35. Rxc3 Rxd1 36. Rc7+ Kf8 37. gxf6 gxf6 38. Rc6 Rb1 39. Rxf6+ Kg7 40. Rc6 a5 41. f6+ Kf7 42. Kg4 Rb4 43. Kg5 h6+ 44. Kxh6 Rxf4 45. Kg5 Rf2 46. Rc7+ Kf8 47. h5 Rxa2 48. h6 Rg2+ 49. Kf5 Rf2+ 50. Ke5 Re2+ 51. Kd4 Rh2 52. h7 Rh5 53. h8Q+ 1-0

[Event "Leipzig VfB op 20th"]
[Site "Leipzig"]
[Date "2013.03.09"]
[Round "8"]
[White "Dyk, Roland"]
[Black "Richter, Leonard"]
[Result "0-1"]
[WhiteElo "2066"]
[BlackElo "1949"]
[PlyCount "72"]
[EventDate "2013.03.05"]
[EventType "swiss"]
[EventRounds "9"]
[EventCountry "GER"]
[SourceTitle "EXT 2014"]
[Source "ChessBase"]
[SourceDate "2013.11.20"]
[SourceVersion "1"]
[SourceVersionDate "2013.11.20"]
[SourceQuality "1"]

1. e4 c5 2. Nc3 Nc6 3. g3 g6 4. d3 Bg7 5. Nge2 e6 6. Bg2 Nge7 7. Be3 Nd4 8. 0-0 0-0 9. Qd2 d5 10. exd5 exd5 11. Nf4 Bg4 12. Bxd4 Bxd4 13. Ncxd5 Nxd5 14. Nxd5 Bxb2 15. Rab1 Be6 16. c4 Bd4 17. Rxb7 Bxd5 18. Bxd5 Qf6 19. Qe2 Rae8 20. Qf3 Re7 21. Rxe7 Qxe7 22. Rb1 Rd8 23. Kf1 Rd6 24. Rb7 Rd7 25. Rb8+ Kg7 26. Qg4 Qf6 27. Bf3 Re7 28. Rb1 Re5 29. Rb7 h5 30. Qf4 Rf5 31. Qh4 Rxf3 32. Qxf6+ Rxf6 33. Rxa7 Rxf2+ 34. Ke1 Rxh2 35. a4 Ra2 36. a5 Rxa5 0-1

[Event "Leipzig VfB op 20th"]
[Site "Leipzig"]
[Date "2013.03.05"]
[Round "1"]
[White "Hein, Christoph"]
[Black "Dyk, Roland"]
[Result "0-1"]
[WhiteElo "1729"]
[BlackElo "2066"]
[PlyCount "80"]
[EventDate "2013.03.05"]
[EventType "swiss"]
[EventRounds "9"]
[EventCountry "GER"]
[SourceTitle "EXT 2014"]
[Source "ChessBase"]
[SourceDate "2013.11.20"]
[SourceVersion "1"]
[SourceVersionDate "2013.11.20"]
[SourceQuality "1"]

1. d4 g6 2. Nf3 Bg7 3. e3 d5 4. Bd3 Nf6 5. Nbd2 Nbd7 6. c3 c5 7. 0-0 0-0 8. Re1 b6 9. Qe2 Re8 10. dxc5 bxc5 11. e4 e5 12. exd5 e4 13. Nxe4 Nxe4 14. Bxe4 f5 15. Qc4 Nb6 16. Qxc5 fxe4 17. Ng5 Qxd5 18. Qxd5+ Nxd5 19. Rxe4 Bf5 20. Rxe8+ Rxe8 21. Nf3 Nxc3 22. Be3 Nb5 23. a4 Nd6 24. Bxa7 Bxb2 25. Re1 Rxe1+ 26. Nxe1 Bc3 27. Nf3 Bd7 28. Bd4 Bxd4 29. Nxd4 Bxa4 30. Ne6 Kf7 31. Ng5+ Kg7 32. h4 Bb3 33. Kh2 Bd5 34. f3 Nf5 35. g4 Nd4 36. f4 Nf3+ 37. Kg3 Nxg5 38. hxg5 Be4 39. f5 gxf5 40. Kf4 Kg6 0-1

[Event "MVP-ch Seniors op 12th"]
[Site "Binz"]
[Date "2012.12.05"]
[Round "8"]
[White "Micheel, Peter"]
[Black "Dyk, Roland"]
[Result "0-1"]
[WhiteElo "1756"]
[BlackElo "1886"]
[PlyCount "76"]
[EventDate "2012.11.28"]
[EventType "swiss"]
[EventRounds "9"]
[EventCountry "GER"]
[SourceTitle "EXT 2014"]
[Source "ChessBase"]
[SourceDate "2013.11.20"]
[SourceVersion "1"]
[SourceVersionDate "2013.11.20"]
[SourceQuality "1"]

1. d4 g6 2. e4 e6 3. Nc3 Bg7 4. Nf3 Ne7 5. Be2 d5 6. 0-0 0-0 7. a4 a6 8. Qd3 Nbc6 9. e5 h6 10. Nd1 Bd7 11. c3 Na5 12. Qc2 b6 13. Ne3 Nf5 14. b4 Nb7 15. Nxf5 gxf5 16. Ba3 Re8 17. Nd2 c5 18. f4 Qc7 19. bxc5 bxc5 20. Qd3 Bxa4 21. Qe3 cxd4 22. cxd4 Rec8 23. Rfc1 Qd7 24. Rxc8+ Qxc8 25. Rc1 Qd7 26. Qc3 Bb5 27. Bh5 Qe8 28. Qc7 Nd8 29. Nb3 Bc4 30. Na5 Bb5 31. Be7 Bd7 32. Ba3 Bf8 33. Qc3 Rc8 34. Qb2 Bxa3 35. Qxa3 Qf8 36. Qb2 Rxc1+ 37. Qxc1 Qb4 38. Qc7 Qe1# 0-1

[Event "MVP-ch Seniors op 12th"]
[Site "Binz"]
[Date "2012.11.30"]
[Round "3"]
[White "Dyk, Roland"]
[Black "Zunker, Reinhard"]
[Result "0-1"]
[WhiteElo "1886"]
[BlackElo "2052"]
[PlyCount "72"]
[EventDate "2012.11.28"]
[EventType "swiss"]
[EventRounds "9"]
[EventCountry "GER"]
[SourceTitle "EXT 2014"]
[Source "ChessBase"]
[SourceDate "2013.11.20"]
[SourceVersion "1"]
[SourceVersionDate "2013.11.20"]
[SourceQuality "1"]

1. e4 c5 2. Nc3 Nc6 3. g3 g6 4. d3 Bg7 5. Bg2 e6 6. Be3 d6 7. Nge2 Nge7 8. Qd2 Nd4 9. Nc1 Rb8 10. Nd1 h5 11. c3 Ndc6 12. h3 b5 13. d4 cxd4 14. cxd4 d5 15. Ne2 Bb7 16. f3 Na5 17. b3 Rc8 18. 0-0 Nac6 19. Nf2 Qd6 20. Nc3 a6 21. exd5 exd5 22. Rfe1 0-0 23. Ne2 Nf5 24. g4 Nxe3 25. Qxe3 Rfe8 26. Qd2 Qb4 27. Red1 Qe7 28. Kf1 hxg4 29. hxg4 b4 30. Re1 a5 31. f4 Ba6 32. Nd3 Qe3 33. Qxe3 Rxe3 34. Ndc1 Nxd4 35. Rb1 Nxe2 36. Nxe2 Rc2 0-1

[Event "Sachsen-Anhalt-ch Seniors 20th"]
[Site "Naumburg"]
[Date "2012.06.06"]
[Round "4"]
[White "Dyk, Roland"]
[Black "Meier, Wolfgang"]
[Result "0-1"]
[WhiteElo "1847"]
[BlackElo "2071"]
[PlyCount "137"]
[EventDate "2012.06.03"]
[EventType "swiss"]
[EventRounds "7"]
[EventCountry "GER"]
[SourceTitle "EXT 2013"]
[Source "ChessBase"]
[SourceDate "2012.11.22"]
[SourceVersion "1"]
[SourceVersionDate "2012.11.22"]
[SourceQuality "1"]

1. e4 c5 2. Nc3 e6 3. g3 b6 4. Bg2 Bb7 5. d3 Nf6 6. Nf3 d5 7. exd5 Nxd5 8. Nxd5 Bxd5 9. Bf4 Be7 10. 0-0 Nd7 11. c4 Bb7 12. Qc2 Qc8 13. Qe2 0-0 14. Rfd1 Bf6 15. Ne5 Bxg2 16. Kxg2 Bxe5 17. Bxe5 Qc6+ 18. f3 f6 19. Bc3 e5 20. Qe4 Rac8 21. Re1 Rfd8 22. b3 Nf8 23. Rad1 Rd6 24. Qxc6 Rcxc6 25. Kf2 Kf7 26. a3 Rd7 27. Rd2 Ne6 28. Rb1 Rc8 29. Rbd1 h5 30. Ke2 h4 31. Ke3 hxg3 32. hxg3 Rh8 33. Kf2 Rdd8 34. Kg2 Rh5 35. Rh1 Rdh8 36. Rdd1 Nd8 37. Rxh5 Rxh5 38. b4 Ne6 39. Rb1 Rh8 40. bxc5 Nxc5 41. d4 exd4 42. Bxd4 Ne6 43. Be3 Rc8 44. Rc1 Ke7 45. Kf2 Kd6 46. Ke2 Kc6 47. Kd3 Rd8+ 48. Kc3 Rh8 49. Re1 Kd7 50. a4 Rh5 51. Ra1 Re5 52. Kd2 Ra5 53. Kc3 Kc6 54. Kb4 Re5 55. Bg1 Nc5 56. a5 bxa5+ 57. Rxa5 Nd3+ 58. Ka4 Nb2+ 59. Kb4 Rxa5 60. Kxa5 Nxc4+ 61. Ka6 Nd2 62. f4 f5 63. Bd4 g6 64. Bf6 Nf1 65. Bh4 Kd5 66. Kxa7 Ke4 67. Kb6 Kf3 68. Kc6 Nxg3 69. Bg5 0-1

[Event "Leipzig VfB op 19th"]
[Site "Leipzig"]
[Date "2012.03.10"]
[Round "7"]
[White "Dyk, Roland"]
[Black "Steiner, Albrecht"]
[Result "0-1"]
[WhiteElo "2175"]
[BlackElo "1968"]
[PlyCount "78"]
[EventDate "2012.03.06"]
[EventType "swiss"]
[EventRounds "9"]
[EventCountry "GER"]
[SourceTitle "CBM 147 Extra"]
[Source "ChessBase"]
[SourceDate "2012.04.24"]
[SourceVersion "1"]
[SourceVersionDate "2012.04.24"]
[SourceQuality "1"]

1. e4 c5 2. Nc3 e6 3. g3 b6 4. Bg2 Bb7 5. Nge2 a6 6. d3 Qc7 7. Bf4 d6 8. 0-0 Nd7 9. a3 Ngf6 10. h3 Be7 11. Rc1 Rc8 12. Qd2 0-0 13. g4 Ne5 14. b3 Rcd8 15. Bg3 b5 16. f4 Nc6 17. Bf2 Nd7 18. f5 Nde5 19. g5 Bc8 20. Ng3 f6 21. Be3 Nd4 22. gxf6 Bxf6 23. Nh5 exf5 24. Nxf6+ gxf6 25. Bh6 Rf7 26. exf5 Bxf5 27. Nd5 Qd7 28. Qf2 Kh8 29. Kh2 Rg8 30. Nf4 Be6 31. b4 f5 32. c3 Nb3 33. Rce1 Rf6 34. Qh4 Qf7 35. Nxe6 Qxe6 36. Bd5 Rxh6 37. Qf4 Qxd5 38. Rf2 Rhg6 39. Ree2 Rg1 0-1

[Event "GER Seniors Derby 06th"]
[Site "Wesel Undeloh"]
[Date "2007.04.14"]
[Round "5.4"]
[White "Dyk, Roland"]
[Black "Lewald, Stephan"]
[Result "0-1"]
[WhiteElo "1817"]
[BlackElo "1904"]
[PlyCount "54"]
[EventDate "2007.04.12"]
[EventType "swiss"]
[EventRounds "7"]
[EventCountry "GER"]
[SourceTitle "EXT 2022"]
[Source "ChessBase"]
[SourceDate "2021.10.06"]
[SourceVersion "1"]
[SourceVersionDate "2021.10.06"]
[SourceQuality "1"]

1. e4 c5 2. Nf3 d6 3. g3 Nf6 4. Nc3 g6 5. d3 Bg7 6. Bd2 Nc6 7. Bg2 0-0 8. Qc1 a6 9. 0-0 Rb8 10. h3 b5 11. Ne2 Bb7 12. Nh2 d5 13. f4 dxe4 14. dxe4 e5 15. fxe5 Nxe5 16. Bg5 Qb6 17. Nc3 Rbd8 18. Qf4 c4+ 19. Rf2 Nh5 20. Bxd8 Rxd8 21. Qc1 Nxg3 22. Qe1 Bf8 23. Ng4 Nxg4 24. hxg4 Bc5 25. e5 b4 26. Bxb7 bxc3 27. Bf3 Rd2 0-1

[Event "GER Seniors Derby 06th"]
[Site "Wesel Undeloh"]
[Date "2007.04.14"]
[Round "4.7"]
[White "Goericke, Klaus"]
[Black "Dyk, Roland"]
[Result "0-1"]
[WhiteElo "1014"]
[BlackElo "1817"]
[PlyCount "86"]
[EventDate "2007.04.12"]
[EventType "swiss"]
[EventRounds "7"]
[EventCountry "GER"]
[SourceTitle "EXT 2022"]
[Source "ChessBase"]
[SourceDate "2021.10.06"]
[SourceVersion "1"]
[SourceVersionDate "2021.10.06"]
[SourceQuality "1"]

1. d4 g6 2. Nf3 Bg7 3. Be3 d6 4. Nc3 Nd7 5. Qd2 h6 6. g3 e6 7. Bg2 Ngf6 8. h3 Nb6 9. Qd3 0-0 10. Nd2 d5 11. g4 Nfd7 12. Nb3 c6 13. f4 Nc4 14. 0-0-0 Nxe3 15. Qxe3 b6 16. Qd2 a5 17. e3 a4 18. Na1 b5 19. Nb1 Re8 20. h4 Nb6 21. Bf1 f6 22. Bd3 f5 23. g5 h5 24. Rh2 Bf8 25. c3 Ba6 26. Nc2 c5 27. Qe1 Qc7 28. Qf1 Qc6 29. Rdd2 Rab8 30. dxc5 Bxc5 31. Nd4 Qc8 32. Bxb5 Bxb5 33. Qxb5 Nc4 34. Qc6 Qxc6 35. Nxc6 Rb6 36. Ne7+ Bxe7 37. Rde2 Bc5 38. Rh3 Reb8 39. b4 axb3 40. a3 Ra6 41. Nd2 Rxa3 42. Nxc4 Ra1+ 43. Kb2 Ra2+ 0-1

[Event "GER Seniors Derby 06th"]
[Site "Wesel Undeloh"]
[Date "2007.04.13"]
[Round "3.10"]
[White "Dyk, Roland"]
[Black "Scholz, Gerd1"]
[Result "1-0"]
[WhiteElo "1817"]
[BlackElo "1558"]
[PlyCount "61"]
[EventDate "2007.04.12"]
[EventType "swiss"]
[EventRounds "7"]
[EventCountry "GER"]
[SourceTitle "EXT 2022"]
[Source "ChessBase"]
[SourceDate "2021.10.06"]
[SourceVersion "1"]
[SourceVersionDate "2021.10.06"]
[SourceQuality "1"]

1. e4 e5 2. Nf3 Nc6 3. Bc4 Bc5 4. c3 d6 5. 0-0 Bg4 6. b4 Bb6 7. a4 a6 8. d3 Bxf3 9. Qxf3 Qf6 10. Qg3 Qg6 11. Qf3 Nf6 12. Be3 Qg4 13. Qxg4 Nxg4 14. Bxb6 cxb6 15. h3 Nf6 16. f4 exf4 17. Rxf4 Ne5 18. Nd2 0-0 19. d4 Nc6 20. Bb3 Rfe8 21. Re1 Re7 22. Rf3 Nd7 23. Rfe3 Nf8 24. Kf2 Rae8 25. g3 Nd8 26. h4 Nfe6 27. e5 dxe5 28. Rxe5 Kf8 29. d5 Nc7 30. Rxe7 Rxe7 31. d6 1-0

[Event "GER Seniors Derby 06th"]
[Site "Wesel Undeloh"]
[Date "2007.04.12"]
[Round "1.9"]
[White "Dyk, Roland"]
[Black "Schild, Andreas"]
[Result "1-0"]
[WhiteElo "1817"]
[BlackElo "1578"]
[PlyCount "47"]
[EventDate "2007.04.12"]
[EventType "swiss"]
[EventRounds "7"]
[EventCountry "GER"]
[SourceTitle "EXT 2022"]
[Source "ChessBase"]
[SourceDate "2021.10.06"]
[SourceVersion "1"]
[SourceVersionDate "2021.10.06"]
[SourceQuality "1"]

1. e4 c6 2. Nc3 d5 3. d3 d4 4. Nce2 e5 5. g3 c5 6. Bg2 Nc6 7. f4 Bd6 8. Nf3 Nge7 9. 0-0 f5 10. fxe5 Nxe5 11. Nxe5 Bxe5 12. Bg5 0-0 13. exf5 Rxf5 14. Rxf5 Bxf5 15. Qf1 Bg6 16. Nf4 Bf6 17. Bxf6 gxf6 18. Ne6 Qd6 19. Qxf6 Nf5 20. Be4 Rf8 21. Qxf8+ Qxf8 22. Nxf8 Kxf8 23. Bxf5 Bxf5 24. Rf1 1-0